000 00927nam a2200265Ia 4500
003 OSt
005 20221005103016.0
006 a|||||r|||| 00| 0
007 ta
008 221004b |||||||| |||| 00| 0 hin d
020 _a9788180313141 (hbk)
_c250
024 _a23262
037 _b218, 24/11/2015, Eastern Book Linkers
_cTextual
040 _aCRL
_cCRL
_bhin
041 _2hin
_ahin
082 _aO152,3:gN, K6;Q4
100 _aनामवर सिंह
245 0 _aकहानी
_b नयी कहानी
246 _aKahānī: nayī kahānī
260 _aइलाहाबाद
_bलोकभारती प्रकाशन भारत
_c2014
300 _a196पृ0
_ccm.
650 _aहिन्दी साहित्य
942 _hO152,3:gN, K6;Q4
_cTEXL
_2cc
999 _c1009280
_d1009280